000 00325nam a22001457a 4500
008 231127b ||||| |||| 00| 0 eng d
020 _a0803924968
041 _aeng
080 _a316
082 _a316WAL
100 _a24
101 _aSOCO
245 _aFEMINISM AND SOCIOLOGICAL THEORY
_cWALLACE.A.R
942 _2udc
_cBK
999 _c60543
_d60543